|
|
|
|
| LEADER |
00000nam0a2200000 4500 |
| 001 |
364440 |
| 005 |
20231102011705.0 |
| 035 |
|
|
|a (RuTPU)RU\TPU\retro\21798
|
| 090 |
|
|
|a 364440
|
| 100 |
|
|
|a 20211116d1981 m y0rusy50 ca
|
| 101 |
0 |
|
|a rus
|
| 102 |
|
|
|a RU
|
| 105 |
|
|
|a a j 001zy
|
| 200 |
1 |
|
|a Автоматизация бурения шпуров. Автоматическое регулирование режимов бурения
|e учебное пособие
|f В. Т. Загороднюк, В. А. Яцкевич
|g Новочеркасский политехнический институт им. Серго Орджоникидзе
|
| 210 |
|
|
|a Новочеркасск
|c [Б. и.]
|d 1981
|
| 215 |
|
|
|a 86 с.
|c ил.
|
| 320 |
|
|
|a Библиогр.: с. 83-84
|
| 606 |
1 |
|
|a Бурение шпуров
|x Автоматизация
|2 stltpush
|3 (RuTPU)RU\TPU\subj\30407
|9 53519
|
| 610 |
1 |
|
|a режимы бурения
|
| 610 |
1 |
|
|a бурильные машины
|
| 610 |
1 |
|
|a классификации
|
| 610 |
1 |
|
|a учебные пособия
|
| 675 |
|
|
|a 622.235.1(075.8)
|v 4
|
| 700 |
|
1 |
|a Загороднюк
|b В. Т.
|g Витольд Трофимович
|
| 701 |
|
1 |
|a Яцкевич
|b В. А.
|g Владимир Александрович
|
| 712 |
0 |
2 |
|a Новочеркасский политехнический институт им. Серго Орджоникидзе
|c (1948-1993)
|2 stltpush
|3 (RuTPU)RU\TPU\col\227
|9 23289
|
| 801 |
|
1 |
|a RU
|b 63413507
|c 20211116
|
| 942 |
|
|
|c BK
|